| 000 | 00766cam a22002413a 4500 | ||
|---|---|---|---|
| 001 | 2333 | ||
| 003 | PGUSA | ||
| 005 | 20140828083013.0 | ||
| 008 | 000901s2000||||xxu|||||s|||||000 | eng d | ||
| 040 |
_aPGUSA _beng |
||
| 042 | _adc | ||
| 050 | 4 | _aPR | |
| 100 | 1 |
_aMacaulay, Thomas Babington Macaulay, Baron, _d1800-1859 |
|
| 245 | 1 | 0 |
_aCritical and Historical Essays — Volume 2 _h[electronic resource] / _cThomas Babington Macaulay, Baron Macaulay |
| 260 |
_bProject Gutenberg, _c2000 |
||
| 506 | _aPublic domain in the USA. | ||
| 516 | _aElectronic text | ||
| 653 | _aGreat Britain -- History | ||
| 653 | _aEnglish literature -- History and criticism | ||
| 830 | 0 |
_aProject Gutenberg _v2333 |
|
| 856 | 4 | 0 | _uhttp://www.gutenberg.org/ebooks/2333 |
| 942 | _cEB | ||
| 999 |
_c231670 _d231670 |
||